Estadísticas para Rosco de Pasapalabra #92

Haz click aquí para intentar la prueba.

Estadísticas generales

  • Esta prueba ha sido intentada 113 veces
  • La puntuación promedio es 10 de 25

Estadísticas de respuestas

InicialDefiniciónRespuesta% Correcto
CDiente puntiagudo, situado entre el último incisivo y la primera muelaColmillo
97%
AEjercicio de gimnasia para fortalecer los músculos del abdomenAbdominales
92%
BBarra o pedazo de pan abierto y relleno con algún alimentoBocadillo
88%
SLíquido de color rojo que circula por las venas y las arterias, distribuyendo el oxígeno y los nutrientesSangre
79%
PHueco o abertura en una pared, desde el suelo hasta una altura adecuada para permitir el pasoPuerta
68%
Contiene la ÑDolor producido por un golpe o caídaDaño
59%
MBollo pequeño hecho con harina, aceite, leche y huevo, cocido y presentado en moldes de papel rizadoMagdalena
56%
HCobertizo grande, generalmente abierto, para guardar aparatos de aviación o dirigiblesHangar
53%
Contiene la XCondición orgánica, masculina o femenina, de los animales y las plantasSexo
51%
DInformación codificada de manera adecuada para ser tratada por un ordenadorDato
45%
ZLugar oculto y cerrado dispuesto para esconder ilegalmente cosas o personas secuestradasZulo
41%
JProbar algo con razones convincentes, testigos o documentosJustificar
32%
UMaquinar y disponer cautelosamente algo contra alguien, o para la consecución de algún designioUrdir
29%
GNublado, cubierto de nubesGris
27%
VEspacio de tiempo en que está prohibido cazar o pescarVeda
26%
IDoctrina de quienes propugnan la extensión del dominio de un país sobre otros por medio de la fuerzaImperialismo
25%
RCauteloso, reacio en manifestar su interiorReservado
23%
EColoquialmente, comercio ilegal de artículos intervenidos por el Estado o sujetos a tasaEstraperlo
19%
Contiene la YPersona que guarda o conduce bueyesBoyero
18%
NCada uno de los puntos que permanecen fijos en un cuerpo vibrante o un movimiento ondulatorioNodo
18%
OParte delantera de un proyectilOjiva
10%
Contiene la QLégamo que depositan las aguas estancadas en el fondo, o las crecidas de un río en los campos que inundan.Tarquín
3%
TGolfo del océano Pacífico en el que se encuentran las Islas Togian, pertenecientes a IndonesiaTomini
3%
FApellido del cineasta que dirigió el documental 'La primavera'Farnarier
1%
LPolaina de cuero o de tela, de una sola piezaLegui
0%

Distribución de puntuación

Porcentaje por número respondido

Porcentaje de gente con cada puntuación

Historial de tus puntuaciones

No has intentado esta prueba.